Wybory do Sejmu 2005 - Statystyki

Ogólne statystyki
  • Ten quiz został rozwiązany 49 razy
  • Średni wynik to 7 z 22
Statystyki odpowiedzi
Miejsce Komitet Wyborczy Poparcie (%) Miejsca w Sejmie % Poprawnych
2 Platforma Obywatelska 24,14 % 133
95%
6 Polskie Stronnictwo Ludowe 6,96 % 25
95%
1 Prawo i Sprawiedliwość 26,99 % 155
95%
4 Sojusz Lewicy Demokratycznej 11,31 % 55
95%
3 Samoobrona RP 11,41 % 56
84%
5 Liga Polskich Rodzin 7,97 % 34
74%
13 Mniejszość Niemiecka 0,29 % 2
53%
11 Polska Partia Pracy 0,77 % 0
32%
8 Partia Demokratyczna - demokraci.pl 2,45 % 0
26%
9 Platforma Janusza Korwina-Mikke 1,57 % 0
21%
12 Polska Partia Narodowa 0,29 % 0
11%
10 Ruch Patriotyczny 1,05 % 0
11%
7 Socjaldemokracja Polska 3,89 % 0
11%
19 Narodowe Odrodzenie Polski 0,06 % 0
5%
22 Społeczni Ratownicy 0,01 % 0
5%
15 Centrum 0,19 % 0
0%
14 Dom Ojczysty 0,28 % 0
0%
20 Mniejszość Niemiecka Śląska 0,05 % 0
0%
16 Ogólnopolska Koalicja Obywatelska 0,14 % 0
0%
17 Partia Inicjatywa RP 0,10 % 0
0%
18 Polska Konfederacja - Godność i Praca 0.07 % 0
0%
21 Stronnictwo Pracy 0,01 % 0
0%
Nie znaleziono quizów pasujących do podanych kryteriów
Rozkład punktacji
Procent ludzi z każdym wynikiem
Percentyl według liczby udzielonych odpowiedzi
Twoja historia wyników
Nie rozwiązałeś tego quizu